Entry Nombre personal
001 - NÚMERO DE CONTROL
- campo de control: 60848
003 - IDENTIFICADOR DE NÚMERO DE CONTROL
- campo de control: SpMaBN
005 - FECHA Y HORA DE LA ÚLTIMA TRANSACCIÓN
- campo de control: 20240129174722.0
008 - ELEMENTOS DE DATO DE LONGITUD-FIJA
- campo de control de longitud fija: 901120n| aijnnaabn a aaa ||
016 ## - NÚMERO DE CONTROL DE UNA AGENCIA BIBLIOGRÁFICA NACIONAL
- Número de control del registro: BNE19900372765
024 7# - IDENTIFICADOR DE OTROS ESTÁNDARES
- Número estándar o código: http://viaf.org/viaf/34020/
- Fuente: viaf
024 8# - IDENTIFICADOR DE OTROS ESTÁNDARES
- Número estándar o código: https://data.cervantesvirtual.com/person/45703
024 7# - IDENTIFICADOR DE OTROS ESTÁNDARES
- Número estándar o código: https://isni.org/isni/0000000080787886
- Fuente: isni
024 7# - IDENTIFICADOR DE OTROS ESTÁNDARES
- Número estándar o código: http://www.wikidata.org/entity/Q65589425
- Fuente: wikidata
040 ## - FUENTE DE CATALOGACIÓN
- Centro catalogador/agencia de origen: SpMaBN
- Lengua de catalogación: spa
- Centro/agencia transcriptor: SpMaBN
- Normas de descripción: rdc
- Convención/Normas de encabezamiento de materia/tesauro: embne
046 ## - FECHAS CON CODIFICACIÓN ESPECIAL
- Fecha de nacimiento: 1953
100 1# - ENCABEZAMIENTO-NOMBRE DE PERSONA
- Nombre de persona: Guimerá Ravina, Agustín,
- Fechas asociadas al nombre: 1953-
375 ## - GÉNERO/SEXO
- Género: Masculino
377 ## - IDIOMA ASOCIADO
- Código del idioma: spa
- Término de lengua/lenguaje: Español
400 1# - TRAZADO DE VÉASE--NOMBRE DE PERSONA
- Nombre de persona: Guimerá, Agustín,
- Fechas asociadas al nombre: 1953-
670 ## - FUENTE DE DATOS ENCONTRADOS
- Cita de la fuente: El Hotel Marquesa, 1987
670 ## - FUENTE DE DATOS ENCONTRADOS
- Cita de la fuente: Tenerife 1797, 1998
- Información encontrada: port. (Agustín Guimerá Ravina)
670 ## - FUENTE DE DATOS ENCONTRADOS
- Cita de la fuente: Puertos y sistemas portuarios (siglos XVI-XX), 1995
- Información encontrada: port. (ed. Agustín Guimerá)
670 ## - FUENTE DE DATOS ENCONTRADOS
- Cita de la fuente: WWW Agencia Española ISBN, 4-8-2011
- Información encontrada: (Guimerá Ravina, Agustín; 1953-)
856 4# - LOCALIZACIÓN Y ACCESO ELECTRÓNICOS
- Identificador Uniforme de Recursos: http://dialnet.unirioja.es/servlet/autor?codigo=1755666
